Представление документа в формате RUSMARC

Поле Инд. ПП Название Значение
Тип записи a
Библиографический уровень a
001 Контрольный номер 2893957d0cf04894a97dd8ca46cdb6a0
005 Дата корректировки 20181120134553.5
100 a Данные общей обработки 20180627 ||| 0rusy0189 ca
101 0_ a Язык текста rus
102 a Страна публикации RU
200 1_ f Первые сведения об ответственности Н.Ш. Гаджиалиева, А.М. Чергесов
a Заглавие К вопросу о правовой природе пересмотра судебных актов по вновь открывшимся или новым обстоятельствам
210 d Дата издания 2018
461 _0 1 2000
a Закон и право
463 _0 1 2000
a №5
v С. 74-77
1 2101
d 2018
1 0019e3c4cc60f8941ea9d9a6af132952eae
606 a Основная рубрика Гражданское процессуальное право
610 0_ a Ключевые слова АРБИТРАЖНЫЙ ПРОЦЕСС
a Ключевые слова ПЕРЕСМОТР СУДЕБНЫХ АКТОВ
a Ключевые слова ВНОВЬ ОТКРЫВШИЕСЯ ОБСТОЯТЕЛЬСТВА
700 _1 a Фамилия Гаджиалиева
b Имя Н.Ш.
701 _1 a Фамилия Чергесов
b Имя А.М.
801 _0 a Страна RU
b Организация РГУП
c Дата составления 20180627
g Правила каталогизации PSBO
801 _1 a Страна RU
b Организация РГУП
c Дата составления 20180627
g Правила каталогизации PSBO
901 t Тип документа b
w Контрольный № источника 9e3c4cc60f8941ea9d9a6af132952eae
905 a Дата ввода 20180627